000 01818nam a2200277 a 4500
001 ASIN1107032962
005 20170105102934.0
008 150819s2013 xxu eng d
020 _a1107032962 (hardcover)
_c$104.99
020 _a9781107032965 (hardcover)
040 _a0
050 0 4 _aJQ231
082 0 4 _a320.954
100 1 _aTudor, Maya.
245 1 4 _aThe promise of power :
_bthe origins of democracy in india and autocracy in pakistan /
_cMaya Tudor.
260 _a[S.l.] :
_bCambridge University Press,
_c2013.
300 _a254 p. ;
_c24 cm.
520 _aUnder what conditions are some developing countries able to create stable democracies while others are perpetually prone to instability and authoritarianism? Despite broadly similar historical and political legacies, India's and Pakistan's regimes diverged radically after independence. In The Promise of Power, Maya Tudor seeks to explain why this occurred through a comparative historical analysis. Drawing on interviews, colonial records and early government documents, Tudor challenges the prevailing explanations of democratization, which attribute political outcomes directly to low levels of economic development and high levels of inequality. Instead, she suggests that the emergence of a stable democracy in India and an unstable autocracy in Pakistan is best explained by the historically-specific interests of the dominant social group which led each independence movement as well as by the varying strength of the political parties which were created to pursue those interests.
650 0 _aAuthoritarianism
650 0 _aDemocracy
650 0 _aIndia
650 0 _aPakistan
650 0 _aPolitical science
856 4 0 _3Amazon.com
_uhttp://www.amazon.com/exec/obidos/ASIN/1107032962/chopaconline-20
942 _2ddc
_cBK
999 _c16180
_d16180